Statistics for Disney Princess List

Click here to take the quiz!

General Stats

  • This quiz has been taken 562 times
  • The average score is 12 of 14

Answer Stats

HintAnswer% Correct
7 DwarfsSnow White
99%
MermaidAriel
98%
2 Evil Step SistersCinderella
97%
Alladin's GirlJasmine
96%
Sleeping BeautyAurora
94%
________ & The BeastBelle
94%
Ice QueenElsa
90%
Chinese PrincessMulan
90%
Ice Queens SisterAnna
89%
Long HairRapunzel
88%
Kissed a FrogTiana
87%
Brave with Red HairMerida
82%
Ocean PrincessMoana
72%
Indian PrincessPochahontas
4%

Score Distribution

Percentile by Number Answered

Percent of People with Each Score

Your Score History

You have not taken this quiz